Регионална библиотека "Любен Каравелов" - Русе

Мис Моли и училището по щастие (Запис номер 531138)

MARC детайли
000 -Лидер
Лидер 01162nam a2200277 a 4500
003 - Код на организацията, давaща контролен номер
Код на организацията, даваща контролен номер BLK
005 - Дата и час на последна редакция
Дата и час на последна редакция 20250625170324.0
008 - Елементи от данни с фиксирана дължина
Елементи с фиксирана дължина 200925b bu |||||r|||| 00| | bu d
020 ## - Международен стандартен номер на книга ISBN
ISBN 9786197701661
040 ## - Източник на каталожния запис
Код на библиотеката BLK
041 ## - Код за език
Език Български
Език за КДБФ Български
080 ## - УДК
УДК текст Английска литература
УДК код 821.111
УДК – код + определител 821.111-93-34
080 ## - УДК
УДК текст Издания за деца и юноши. Книжки-картинки. Читанки. Вж и 372.4
УДК код 087.5
УДК – код + определител 087.5
9 (RLIN) 231478
084 ## - Класификационен индекс по друга класификация
Авторски знак Кин - К 54
100 ## - Редна дума - Автор
Автор Кинлоч, Кимбърли
R(LIN) 498185
245 ## - Сведения за заглавието
Заглавие Мис Моли и училището по щастие
Авторска отговорност Кимбърли Кинлоч ; ил. Роузи Рийв ; прев. Миряна Илчева
260 ## - Област на издателските данни
9 (RLIN) 216689
Място на издаване София
Име на издателя Клевър Бук
Година на издаване 2025
Издателство - префикс ISBN 978-954-9749-
300 ## - Физическа характеристика
Брой страници 32 с.
Илюстрации с цв. ил.
Размер 22 см
380 ## - Жанр
Жанр Детска худож. лит.
700 ## - Други автори (авторска отговорност)
Друг автор Илчева, Миряна Иличова
Авт. отговорност на др. автор прев.
9 (RLIN) 347870
700 ## - Други автори (авторска отговорност)
Друг автор Рийв, Роузи
9 (RLIN) 472215
856 ## - Електронен адрес и достъп
Инструкция (цена за достъп) 0.00
Права за достъп disable
942 ## - АРТИКУЛИ
Вид на библиотечния документ Книги
Скрит в OPAC Не
Периодичен библиозапис Да
Koha issues (borrowed), all copies 24
944 ## - СЪЗДАВАНЕ И РЕДАКЦИЯ на ЗАПИСА
Дата на регистрацията/редакция Нора Радева
Служител, извършил регистрацията/редакцията 30534
Създаване/Редакция
Номер на служител Радостина Карадакова
999 ## - СИСТЕМНИ КОНТРОЛНИ НОМЕРА
Koha biblionumber 531138
Koha biblioitemnumber 531138
Наличности
Код за отписване Код за изгубен артикул Източник на класификационната схема Код за повреда Код за отдаване Артикулен № Име на библиотеката - собственик Име на библиотеката, в която се намира в момента Статус (Текущо местоположение) Дата на вписване в системата Местоположение - отдел Цена в лева Инвентарен номер Систематично азбучна сигнатура Баркод Цена в евро Служебен тип на артикула
  Не е изгубен Universal Decimal Classification Не е повреден заемане за дома 966057 Регионална библиотека "Любен Каравелов" Русе Регионална библиотека "Любен Каравелов" Русе Детски отдел 2025-04-07 Детски отдел 9.03 120000919121 821-93/К 54 К 120000919121 4.62 Книги
  Не е изгубен Universal Decimal Classification Не е повреден заемане за дома 966058 Регионална библиотека "Любен Каравелов" Русе Регионална библиотека "Любен Каравелов" Русе Детски отдел 2025-04-07 Детски отдел 9.03 120000919122 821-93/К 54 К 120000919122 4.62 Книги
Vip Innovations Ltd, Rousse, Bulgaria 2025